| 000 | 00516nam a22001937a 4500 | ||
|---|---|---|---|
| 003 | LK-CoDNM | ||
| 005 | 20241010110030.0 | ||
| 008 | 241009b |||||||| |||| 00| 0 eng d | ||
| 040 |
_aLK-CoDNM _dLK-CoDNM _eLK-CoDNM |
||
| 041 | _asin | ||
| 080 |
_a105 _bKK6 |
||
| 100 | _aUnknown | ||
| 245 | _aඉලපත් පහර | ||
| 260 |
_aසදර්න් මුද්රණාලය _bපුත්තලම |
||
| 300 | _a6p ; 23cm | ||
| 650 | _a105 KK6 | ||
| 650 | _aඉලපත් පහර | ||
| 942 | _cBK | ||
| 999 |
_c218818 _d218818 |
||